Responses for Show #7921 - Monday, February 4, 2019

Contestants

[<< previous game]

Morgan Burns, an accountant from Somerville, Massachusetts

Susan Campbell, a research scientist from Baltimore, Maryland

Will Dawson, a tour guide from Washington, D.C. (whose 1-day cash winnings total $32,601)

[next game >>]

Jeopardy! Round responses

OUR FAIR CITY
OXFORD
EUGENE
ROAM
FILL "E"
(Alex: Each correct response will begin and end with that letter of the alphabet.)
CHICAGO, ATLANTA & MIAMI SOUND MACHINE
    $200 6
Milwaukee

Will
    $200 1
Northern Ireland

Susan
    $200 18
(Will: What is Lincoln and Blynken?)
(Alex: Say it again.)
(Will: What is Lincoln and Blynken?)

Wynken and Blynken

WillSusan
    $200 11
Jerusalem

Susan
    $200 14
(Will: What is equestrian?)

an earthquake

WillMorgan
    $200 22
The Book of Mormon

Susan
    $1,200 7
Rio de Janeiro

Will
    $400 2
Sanskrit

Will
    $400 25
(Alex: With less than a minute to go.)

Constantinople

Susan
    $400 12
(Henry Morton) Stanley

Morgan
    $400 17
epistle

Will
    $400 23
Gloria Estefan

Will
    $600 8
Gabriel

Susan
    $600 3
Patrick Stewart

Will
    $600 26
Eugene O'Neill

Susan
    $600 13
Encore Provence

Triple Stumper
    $600 19
edamame

Susan
    $600 24
(Donald) Glover

Morgan
    $800 9
Montreal

Will
    $800 4
algebra

Morgan
    $800 27
Eugene Debs

Will
    $800 15
Aristotle

Morgan
    $800 20
to exhume

Susan
    $800 29
Saturday

Susan
    $1000 10
Vladivostok

Will
    $1000 5
a barrister

Morgan
    $1000 30
Eugene Onegin

Susan
    $1000 16
(Will: Who is Magellan?)

Vasco da Gama

WillMorgan
    $1000 21
etude

Will
    $1000 28
David Foster

Triple Stumper

Scores at the first commercial break (after clue 15):

Will Susan Morgan
$4,000 $1,000 $3,200

Scores at the end of the Jeopardy! Round:

Will Susan Morgan
$5,400 $5,600 $4,800

Double Jeopardy! Round responses

LITERARY FIRST LINES
THE HUMAN BODY
THE ANCIENT ROMAN ARMY
NUMERIC WORDS & PHRASES
INTERNATIONAL HOLIDAYS
DURABLE DIRECTORS
    $400 1
Jaws

Will
    $400 26
the nose

Will
    $400 14
(bows and) arrows

Will
    $400 6
the seventh-inning stretch

Morgan
    $400 21
(Will: What is St.--what is [*]?)

March

Will
    $400 9
John Huston

Will
    $800 2
Charlotte's Web

Morgan
    $800 27
pores

Morgan
    $800 17
a bugler (or trumpeter)

Will
    $800 7
six feet under

Morgan
    $800 22
Prince Edward Island

Will
    $800 10
A Fish Called Wanda

Susan
    $1200 3
Room

Susan
    $1200 30
98.6

Susan
    $1200 18
an eagle

Morgan
    $1200 8
a three-ring circus

Morgan
    $1200 23
Guadalupe

Susan
    $1200 12
Ridley Scott

Susan
    $1600 4
The Trial

Susan
    $1600 29
thyroid

Morgan
    $1600 19
the Carthaginians

Will
    $1600 11
two-time

Morgan
    $1600 24
Ethiopia

Will
    $1600 15
Clint Eastwood

Will
    $3,000 5
(Susan: What is...)
(Alex: Not coming?)
(Susan: Paper Moon?)

The Good Earth

Susan
    $2000 28
melatonin

Will
    $2,000 20
centurions

Will
    $2000 13
(Morgan: What is nine men?)
(Alex: Be a little--no.)

nine old men

Morgan
Triple Stumper
    $2000 25
(Alex: Less than a minute now.)

the Assumption

Will
    $2000 16
Jean-Luc Godard

Will

Scores at the end of the Double Jeopardy! Round:

Will Susan Morgan
$21,800 $9,800 $11,200

[wagering suggestions for these scores]

Final Jeopardy! Round responses

THE U.S. SENATE
SusanWhat is the filibuster
$2,000
MorganWhat is filibuster?
$10,001
WillWhat is the fillibuster
$601
the filibuster

Final scores:

Will Susan Morgan
$22,401 $11,800 $21,201
2-day champion: $55,002 3rd place: $1,000 2nd place: $2,000

Game dynamics:

Coryat scores:

Will Susan Morgan
$21,000 $12,800 $11,200
24 R
(including 2 DDs),
3 W
17 R,
1 W
(including 1 DD)
15 R,
1 W

Combined Coryat: $45,000

[game clues] [game scores] [suggest correction]

Game tape date: 2018-12-05
The J! Archive is created by fans, for fans. Scraping, republication, monetization, and malicious use prohibited; this site may use cookies and collect identifying information. See terms. The Jeopardy! game show and all elements thereof, including but not limited to copyright and trademark thereto, are the property of Jeopardy Productions, Inc. and are protected under law. This website is not affiliated with, sponsored by, or operated by Jeopardy Productions, Inc. Join the discussion at JBoard.tv.